000
00225nam a22000857a 4500
008
161129b xxu||||| |||| 00| 0 eng d
100
_9
1528
_a
Moore.P
245
_a
William Blake Selected Poems
260
_a
New Delhi
_b
Maanu Grap
_c
2012
999
_c
4258
_d
4258